[Event "Galapagar op 10th"]
[Site "Galapagar"]
[Date "2009.07.25"]
[Round "8"]
[White "Sotoca Aguado, Jose"]
[Black "Saiz Lopez, Antonio"]
[Result "0-1"]
[WhiteElo "2023"]
[BlackElo "1908"]
[PlyCount "86"]
[EventDate "2009.07.18"]
[EventType "swiss"]
[EventRounds "9"]
[EventCountry "ESP"]
[SourceTitle "EXT 2010"]
[Source "ChessBase"]
[SourceDate "2010.11.25"]
[SourceVersion "1"]
[SourceVersionDate "2010.11.25"]
[SourceQuality "1"]

1. e4 c5 2. Nf3 e6 3. d4 cxd4 4. Nxd4 a6 5. c4 Nf6 6. Nc3 Bb4 7. Bd3 Nc6 8. Nc2 Bxc3+ 9. bxc3 d5 10. exd5 exd5 11. 0-0 Be6 12. cxd5 Nxd5 13. Ba3 Qc7 14. Nd4 Ne5 15. Nxe6 fxe6 16. c4 Nf6 17. Be2 Rd8 18. Qb3 Kf7 19. f4 Nc6 20. f5 Rhe8 21. fxe6+ Kg8 22. Bf3 Nd4 23. Qe3 Nxf3+ 24. Qxf3 Qxc4 25. e7 Rd3 26. Qh5 Qd4+ 27. Kh1 g6 28. Qc5 Qxc5 29. Bxc5 Nd7 30. Bb4 a5 31. Bxa5 Rxe7 32. Bb4 Re4 33. a3 Ne5 34. h3 Nc6 35. Bf8 h5 36. Rab1 Rd7 37. Bc5 Re5 38. Bf8 Ne7 39. Rb6 Nf5 40. Rxg6+ Kh7 41. Rg5 Rf7 42. Rxh5+ Kg6 43. Rh6+ Nxh6 0-1

[Event "Galapagar op 09th"]
[Site "Galapagar"]
[Date "2008.07.21"]
[Round "3"]
[White "Saiz Lopez, Antonio"]
[Black "Baldwin del Castillo, Ricardo"]
[Result "1-0"]
[WhiteElo "1939"]
[BlackElo "2045"]
[PlyCount "71"]
[EventDate "2008.07.19"]
[EventType "swiss"]
[EventRounds "9"]
[EventCountry "ESP"]
[SourceTitle "EXT 2009"]
[Source "ChessBase"]
[SourceDate "2008.11.26"]
[SourceVersion "1"]
[SourceVersionDate "2008.11.26"]
[SourceQuality "1"]

1. d4 Nf6 2. Nf3 g6 3. g3 Bg7 4. Bg2 c5 5. d5 d6 6. Nc3 0-0 7. 0-0 e6 8. e4 b5 9. Nxb5 Nxe4 10. Re1 a6 11. Na3 Nf6 12. dxe6 Ra7 13. exf7+ Raxf7 14. Ng5 Re7 15. Rxe7 Qxe7 16. Bf4 d5 17. Bxb8 Bg4 18. f3 Qe3+ 19. Kh1 Qxg5 20. Bf4 Qf5 21. fxg4 Nxg4 22. Qxd5+ Kh8 23. Qxf5 Rxf5 24. c3 g5 25. Bd2 Rf2 26. Nc4 Ne5 27. Nxe5 Rxd2 28. Nf7+ Kg8 29. Nxg5 h6 30. Ne6 Bf6 31. Nxc5 Rxb2 32. Bd5+ Kg7 33. Ne4 Be5 34. Rf1 h5 35. Rf5 Bb8 36. Rxh5 1-0